[Event "Regionalliga SO 1112"]
[Site "Bayern"]
[Date "2011.10.23"]
[Round "2.8"]
[White "Klinge, Andreas"]
[Black "Homann, Christian"]
[Result "1-0"]
[WhiteElo "1757"]
[BlackElo "1812"]
[PlyCount "23"]
[EventDate "2011.10.02"]
[EventType "team-tourn"]
[EventRounds "9"]
[EventCountry "GER"]
[SourceTitle "EXT 2013"]
[Source "ChessBase"]
[SourceDate "2012.11.22"]
[SourceVersion "1"]
[SourceVersionDate "2012.11.22"]
[SourceQuality "1"]
[WhiteTeam "Rottal II"]
[BlackTeam "Pang/Rosenheim II"]
[WhiteTeamCountry "GER"]
[BlackTeamCountry "GER"]

1. Nf3 d5 2. c4 d4 3. b4 Qd6 4. c5 Qd5 5. Bb2 e5 6. e3 dxe3 7. fxe3 e4 8. Ne5 Qd8 9. Bc4 Nh6 10. 0-0 Be6 11. Bxe6 fxe6 12. Qh5+ 1-0

[Event "Niederbayernliga 0405"]
[Site "Germany"]
[Date "2005.??.??"]
[Round "6"]
[White "Endler, Johannes"]
[Black "Klinge, Andreas"]
[Result "0-1"]
[WhiteElo "1755"]
[BlackElo "1730"]
[PlyCount "70"]
[EventDate "2004.??.??"]
[EventType "team"]
[EventRounds "9"]
[EventCountry "GER"]
[SourceTitle "EXT 2008"]
[Source "ChessBase"]
[SourceDate "2007.11.25"]
[SourceVersion "1"]
[SourceVersionDate "2007.11.25"]
[SourceQuality "1"]
[WhiteTeam "Simbach"]
[BlackTeam "Eggenfelden"]
[WhiteTeamCountry "GER"]
[BlackTeamCountry "GER"]

1. e4 d5 2. e5 c5 3. Nf3 d4 4. Bb5+ Bd7 5. e6 fxe6 6. Ne5 Nf6 7. Qe2 Qb6 8. Bc4 Na6 9. a3 Nc7 10. 0-0 g5 11. d3 Rg8 12. Nd2 h6 13. b4 Ncd5 14. Bxd5 Nxd5 15. Ndc4 Qc7 16. Qh5+ Kd8 17. Qf7 Nf6 18. Nxd7 Kxd7 19. Re1 Rg7 20. Qxe6+ Kd8 21. bxc5 Qxc5 22. Bd2 Qd5 23. Qh3 h5 24. Re5 Qd7 25. Qf3 g4 26. Qe2 Rh7 27. Rb1 b6 28. Bg5 Rc8 29. Rbb5 Kc7 30. a4 Ne8 31. a5 Rb8 32. axb6+ axb6 33. Qe4 Rf7 34. Bf4 Nd6 35. Red5 Rf6 0-1

[Event "Niederbayernliga 0304"]
[Site "Germany"]
[Date "2004.??.??"]
[Round "6"]
[White "Bock, Ortwin"]
[Black "Klinge, Andreas"]
[Result "1-0"]
[WhiteElo "1877"]
[BlackElo "1748"]
[PlyCount "95"]
[EventDate "2003.??.??"]
[EventType "team"]
[EventRounds "9"]
[EventCountry "GER"]
[SourceTitle "EXT 2008"]
[Source "ChessBase"]
[SourceDate "2007.11.25"]
[SourceVersion "1"]
[SourceVersionDate "2007.11.25"]
[SourceQuality "1"]
[WhiteTeam "Landshut"]
[BlackTeam "Eggenfelden"]
[WhiteTeamCountry "GER"]
[BlackTeamCountry "GER"]

1. Nc3 d5 2. e4 d4 3. Nce2 e5 4. Ng3 Nf6 5. Nf3 Bd6 6. Bc4 Bd7 7. 0-0 b5 8. Bb3 c5 9. d3 Nc6 10. Ng5 Rf8 11. Nh5 Qe7 12. Nxg7+ Kd8 13. a4 Na5 14. axb5 Nxb3 15. cxb3 Rg8 16. Nf5 Bxf5 17. exf5 Rb8 18. Ra6 Rb6 19. Qf3 h6 20. Rxb6 axb6 21. Ne4 Qb7 22. Kh1 Nxe4 23. Qxe4 Qxe4 24. dxe4 h5 25. Bd2 Kc7 26. Ra1 Kb7 27. f3 Be7 28. f4 Bf6 29. g3 Re8 30. Kg2 exf4 31. Kf3 fxg3 32. hxg3 Be5 33. Rh1 Rh8 34. Bf4 Bf6 35. e5 Bd8 36. Ke4 h4 37. f6 h3 38. g4 Kc8 39. Bh2 Bc7 40. Rd1 Re8 41. Rd3 Rh8 42. b4 Kd7 43. Kd5 Rh4 44. bxc5 bxc5 45. Kxc5 Rxg4 46. b6 Bxe5 47. Bxe5 Rg5 48. Kxd4 1-0